| 000 | 01404nam a2200277 a 4500 | ||
|---|---|---|---|
| 001 | 000041288 | ||
| 005 | 20201002034746.0 | ||
| 008 | 130927s1977 sp 001 0 spa d | ||
| 020 | _a840036255 | ||
| 040 |
_aDO-SdBNP _bspa _cBNPHU |
||
| 100 | 1 |
_aSuárez, Francisco _d1548-1617 _934134 |
|
| 245 | 1 | 0 |
_aDe Legibus,VI, III, 17-35 : _bde politica obligatione / _cFrancisco Suárez ; estudio preliminar y edición crítica bilingüe por L. Pereña, V. Abril y C. Baciero ; y la colaboración de A. García y C. Villanueva. |
| 246 | 1 | 3 | _aDe politica obligatione |
| 260 |
_aMadrid : _bConsejo Superior de Investigaciones Científicas, _c1977. |
||
| 490 | 1 |
_aCorpus hispanotum de pace _v6 |
|
| 500 | _aLa biblioteca posee el v. 4,8 | ||
| 505 | 0 |
_gv. 1. _tDe natura legis -- _gv. 2. _tDe legis obligatione -- _gv. 3. _tDe lege naturali -- _gv. 4. _tDe iure gentium -- _gv. 5. _tDe civili potestate -- _gv. 6. _tDe politica obligatione -- _gv. 7-8. _tDe lege positiva canonica _c22 cm. |
|
| 504 | _aIncluye referencias bibliográficas y notas al pie de las páginas | ||
| 504 | _aBibliografía : p. 489-498 | ||
| 700 | 1 |
_aPereña, Luciano _d1920- . _933600 |
|
| 700 | 1 |
_aAbril Castelló, Vidal, _967902 |
|
| 700 | 1 |
_aEd. Baciero, Carlos, _eed _967903 |
|
| 700 | 1 |
_aGarcía y García, Antonio, _967904 |
|
| 710 | 2 |
_aConsejo Superior de Investigaciones Científicas, _94786 |
|
| 830 | 0 |
_aCorpus hispanotum de pace _n6 _967905 |
|
| 999 |
_c40778 _d40778 |
||